000
00324nam a2200145Ia 4500
008
191201s2008 xx 000 0 und d
082
_a
005.43
_b
DOS
100
_a
DONOVAN, John J
245
0
_a
System Programming
250
_a
44 rep.
260
_a
N.Delhi
_b
TMH
_c
2008
300
_a
488
650
_a
MCA
942
_2
ddc
_c
BK
999
_c
3779
_d
3779